Normal view
MARC view
Entry Topical Term
001 - CONTROL NUMBER
- control field: 590796
003 - CONTROL NUMBER IDENTIFIER
- control field: OSt
005 - DATE AND TIME OF LATEST TRANSACTION
- control field: 20221005042722.0
008 - FIXED-LENGTH DATA ELEMENTS
- fixed length control field: 221005|| aca||aabn | a|a d
040 ## - CATALOGING SOURCE
- Original cataloging agency: OSt
- Transcribing agency: OSt
150 ## - HEADING--TOPICAL TERM
- Topical term or geographic name entry element: TAYLOR, ALFRED EDWARD
670 ## - SOURCE DATA FOUND
- Source citation: Work cat.: (OSt)950743: Taylor Charles, Modern social imaginaries, 2004
